LEADER 01244nam0 22003493i 450 001 MIL0132926 005 20231121125536.0 020 $aIT$b837018 100 $a20220527d1981 ||||0itac50 ba 101 | $aita 102 $ait 181 1$6z01$ai $bxxxe 182 1$6z01$an 200 1 $a˜La œdemocrazia$fHans Kelsen 205 $a4. ed 210 $aBologna$cil Mulino$d1981 215 $a457 p.$d22 cm. 225 | $aSaggi$v204 410 0$1001CFI0000015$12001 $aSaggi$v204 500 10$aVom Wesen und Wert der Demokratie.$3CFI0624036$9CFIV044583$935197 606 $aDemocrazia$2FIR$3RMLC006672$9E 676 $a321.8$9Governo democratico.$v22 700 1$aKelsen$b, Hans$3CFIV044583$4070$034200 801 3$aIT$bIT-01$c20220527 850 $aIT-RM0418 $aIT-FR0017 899 $aBIBLIOTECA ACCADEMIA NAZ. DEI LINCEI E CORSINIANA$bRM0418 899 $aBiblioteca umanistica Giorgio Aprea$bFR0017 $eN 912 $aMIL0132926 950 0$aBiblioteca umanistica Giorgio Aprea$d 52DGA E 134$e 52SBA0000294515 VMB RS $fA $h20230224$i20230224 977 $a 10$a 52 996 $aVom Wesen und Wert der Demokratie$935197 997 $aUNICAS LEADER 01501nam 2200385 450 001 996574994103316 005 20231214123449.0 010 $a1-5044-8866-0 024 70$a10.1109/IEEESTD.2022.9916221 035 $a(CKB)4100000012897136 035 $a(NjHacI)994100000012897136 035 $a(EXLCZ)994100000012897136 100 $a20231214d2022 uy 0 101 0 $aeng 135 $aur||||||||||| 181 $ctxt$2rdacontent 182 $cc$2rdamedia 183 $acr$2rdacarrier 200 10$a1500-2022 - IEEE Standard Testability Method for Embedded Core-based Integrated Circuits /$fIEEE 210 1$aNew York :$cIEEE,$d2022. 215 $a1 online resource (168 pages) 330 $aA mechanism for the test of core designs within a system on chip (SoC) is defined. This mechanism is a hardware architecture and the core test language (CTL) is leveraged to facilitate communication between core designers and core integrators. 606 $aIntegrated circuits$xTesting 606 $aEmbedded computer systems$xTesting 606 $aSystems on a chip$xTesting$xStandards 615 0$aIntegrated circuits$xTesting. 615 0$aEmbedded computer systems$xTesting. 615 0$aSystems on a chip$xTesting$xStandards. 676 $a621.3815 801 0$bNjHacI 801 1$bNjHacl 906 $aDOCUMENT 912 $a996574994103316 996 $a1500-2022 - IEEE Standard Testability Method for Embedded Core-based Integrated Circuits$93882316 997 $aUNISA